00497nam a2200181 a 4500001001300000003000900013005001700022008004100039020002300080082001300103100002800116245003400144260004400178300001000222500003500232650002000267700002800287nice12345678IN_TiNIC20260116014015.0130930s1996 newa grp 000 0 eng  a9780140157512c39900a823bMAR aMarquez, Gabriel Garcia aOne Hundred Years of Solitude aNew Delhi, India bPenguin Books c1996 a422p  aincludes index and biblioraphy aFiction-English1 aMarquez, Gabriel Garcia